000 00405nab a2200133Ia 4500
003 ES-SlBCS
005 20210601125442.0
008 140529s1973 xxu||||| |||| 00| 0 eng d
041 _aeng
100 1 _aChisholm, Roderick M.
_916654
245 0 0 _aPart As Essential to Their Wholes
_c Roderick M. Chisholm
773 0 _tReview of Methaphysics
_gvol. 26, nº. 104, 1973, págs. 581-603
_wRev843
942 _cAR
999 _c530561
_d530561